000 00881nas a2200313 4500
001 BR0505443
003 BR-BrBNA
005 20231205105721.0
007 ta
008 230509b bl.|||p| |||| 00| 00por d
040 _aBR-BrBNA
_bpor
_cBiblioteca Nacional de Agricultura
041 _a(Pt)
072 _aL73
100 1 _aOliveira Filho, J.P. de
100 1 _aBorges, A.S.
100 1 _aAmorim, R.M.
100 1 _aGonçalves, R.C.
100 1 _aChiacchio, S.B.
100 1 _aRocha, N.S.
100 1 _aTakahira, R.K.
245 1 _aCegueira por abscesso pituitário em búfala
650 _aBÚFALO
650 _aABSCESSO
650 _aCEGUEIRA
650 _aBACTERIA
773 0 _tCiência Veterinária nos Trópicos (Brazil)
_xISSN 1415-6326
_g(Jan-Apr 2004), v. 7(1) p. 57-62
_wBR0505443
909 _a202311
_bLúcia
_c55
_dLúcia Elande
942 _2AGRIS
_n0
_cANA
999 _c184319
_d184319